Food supplies at a glance, 2017-18 (Record no. 512314)

000 -LEADER
fixed length control field 00461cam a22001457a 4500
008 - FIXED-LENGTH DATA ELEMENTS--GENERAL INFORMATION
fixed length control field 180718b-- xxu||||| |||| 00| 0 eng d
082 ## - DEWEY DECIMAL CLASSIFICATION NUMBER
Classification number Z2x5414 G/2017-18
245 ## - TITLE STATEMENT
Title Food supplies at a glance, 2017-18
260 ## - PUBLICATION, DISTRIBUTION, ETC. (IMPRINT)
Place of publication, distribution, etc Bhubaneswar
Name of publisher, distributor, etc The author
Date of publication, distribution, etc 2018
300 ## - PHYSICAL DESCRIPTION
Extent 118p.
500 ## - GENERAL NOTE
General note Library has 2010/11,2017/18
650 ## - SUBJECT ADDED ENTRY--TOPICAL TERM
Topical term or geographic name as entry element Rationing, Consumer - India - Orissa
9 (RLIN) 13434
700 ## - ADDED ENTRY--PERSONAL NAME
Personal name Orissa. Food Supplies and Consumer Welfare Department
9 (RLIN) 13435
942 ## - ADDED ENTRY ELEMENTS (KOHA)
Source of classification or shelving scheme
Holdings
Withdrawn status Lost status Source of classification or shelving scheme Damaged status Koha normalized classification for sorting Not for loan Permanent location Current location Date acquired Full call number Barcode Date last seen Price effective from Koha item type
        Z_2X5414_G_201718   Indian Institute of Public Administration Indian Institute of Public Administration 2019-11-18 Z2x5414 G/2017-18 GG 34732 2019-11-18 2019-11-18 GG

Powered by Koha